000 00662nam a2200217 4500
003 OSt
005 20260601171000.0
008 260418b1976\\\\mx\a||||\||||\00|\0\spa\d
040 _aICI
_bspa
_cICI
050 _aH63
_bI54
100 1 _aStavenhagen, Bustamante, Nolasco
_931350
245 1 _aEl ingenio del hombre /
_c Rodolfo stavenhagen... [y otros]
264 _bCecsa,
_c1976
_aMéxico :
300 _a388 páginas
_bilustraciones
336 _atexto
_2rdacontent
337 _asin medio
_2rdamedia
338 _avolumen
_2rdacarrier
650 _aCiencias sociales
_xEstudio y enseñanza
_931351
700 _aStavenhagen, Rodolfo
_931352
942 _2lcc
_cB
999 _c20053
_d20053